Loading...
History - European History | 0 | 6 | 1 | 0 | 55 | 31 | 48.17 | 2 | 5 |
Literature - European Literature | 0 | 5 | 0 | 0 | 50 | 16 | 78.00 | 1 | 3 |
History - American History | 0 | 5 | 0 | 0 | 50 | 18 | 51.60 | 1 | 4 |
Literature - American Literature | 0 | 5 | 0 | 0 | 50 | 40 | 71.80 | 2 | 5 |
Literature - British Literature | 0 | 5 | 0 | 1 | 50 | 37 | 80.60 | 2 | 2 |
History - Other History | 0 | 5 | 2 | 1 | 40 | 30 | 72.80 | 0 | 3 |
Social Science | 0 | 4 | 1 | 1 | 35 | 26 | 65.00 | 2 | 3 |
Religion | 0 | 3 | 0 | 1 | 30 | 64 | 79.67 | 1 | 1 |
Philosophy | 0 | 3 | 1 | 1 | 25 | 33 | 67.00 | 1 | 2 |
History - World History | 0 | 3 | 2 | 0 | 20 | 18 | 37.00 | 0 | 1 |
Science - Biology | 0 | 2 | 0 | 1 | 20 | 80 | 90.50 | 0 | 0 |
Pop Culture | 0 | 2 | 0 | 0 | 20 | 35 | 42.00 | 0 | 2 |
Science - Physics | 0 | 2 | 0 | 0 | 20 | 85 | 93.50 | 0 | 0 |
Fine Arts - Other Fine Arts | 0 | 2 | 0 | 2 | 20 | 105 | 108.50 | 0 | 0 |
Painting/Sculpture | 0 | 2 | 0 | 1 | 20 | 86 | 92.00 | 0 | 1 |
Current Events | 0 | 1 | 0 | 0 | 10 | 64 | 64.00 | 0 | 0 |
Fine Arts - Classical Music | 0 | 1 | 0 | 0 | 10 | 92 | 92.00 | 0 | 0 |
Mythology | 0 | 2 | 2 | 1 | 10 | 70 | 91.50 | 0 | 0 |
Science - Chemistry | 0 | 1 | 0 | 1 | 10 | 87 | 87.00 | 0 | 0 |
Science - Other Science | 0 | 1 | 1 | 0 | 5 | 46 | 46.00 | 0 | 1 |
Geography | 0 | 1 | 1 | 0 | 5 | 80 | 80.00 | 0 | 1 |
Literature - World Literature | 0 | 1 | 2 | 0 | 0 | 87 | 87.00 | 0 | 0 |